Auctoritas principis

সংরক্ষণ করুন:
গ্রন্থ-পঞ্জীর বিবরন
প্রধান লেখক: Magdelain, André (autor)
বিন্যাস: গ্রন্থ
ভাষা:ফরাসি
প্রকাশিত: París Les Belles Lettres 1947
মালা:Collection d'Études Latines, 22
বিষয়গুলি:
ট্যাগগুলো: ট্যাগ যুক্ত করুন
কোনো ট্যাগ নেই, প্রথমজন হিসাবে ট্যাগ করুন!

MARC

LEADER 00000nam a2200000 a 4500
001 UCR2782
003 CL-VaPUC
008 980116e19470000FR |||||||||||||||||fre|d
082 0 4 |a 340.54  |b MAG  |2 21 
100 |a Magdelain, André  |e autor  |9 402465 
245 1 0 |a Auctoritas principis 
300 |a 120 p 
942 |c BK 
945 |d 19980116 00:00:00  |a aolguin 
260 |a París  |b Les Belles Lettres  |c 1947 
600 0 |a Cicerón, Marco Tulio  |e autor  |9 255203 
600 0 |a Augusto   |d 63 a.C.-14 d.C  |9 319472 
650 0 |a Derecho romano  |9 255930 
650 0 |a Derecho público   |9 255910 
650 0 |a República  |9 310048 
650 7 |a MAGISTRATURA  |2 CL-VaPUC  |9 387327 
583 |a last modification  |c 19980116 00:00:00  |k Rodrigo Vera 
490 0 |a Collection d'Études Latines, 22 
999 |c 265910  |d 265908 
952 |0 0  |1 0  |4 0  |6 340_540000000000000_MAG_1947  |7 0  |8 DER_ROM  |9 297051  |a BIBDER  |b BIBDER  |d 2019-11-20  |i 1931725  |o 340.54 MAG 1947  |p 1931725  |r 2023-01-25  |w 2019-11-20  |x Ubicación 4to piso  |y BK  |z Este recurso debe solicitarse con anticipación  |k DER